000 00371nam a2200157Ia 4500
008 210210b2006 xxu||||| |||| 00| 0 eng d
020 _a81 8205 375 7
082 _a574.028 JOSB
100 _aJOSHI (Rajmohan). Ed.
245 _aBiosensors.
260 _aDelhi
_bIsha Books
_c2006
300 _avi,308
650 _aBiosensors
690 _aBiology
906 _a061518
999 _c108507
_d108507